Losowe flagi Afryki - Statystyki

Ogólne statystyki
  • Ten quiz został rozwiązany 419 razy
    225 od ostatniego zresetowania
  • Średni wynik to 16 z 20
Statystyki odpowiedzi
Obrazkowy Odpowiedź % Poprawnych
Kenia
100%
Lesotho
100%
Madagaskar
100%
Republika Południowej Afryki
100%
Seszele
100%
Somalia
100%
Tunezja
100%
Maroko
93%
Egipt
92%
Gambia
92%
Sudan Południowy
92%
Angola
91%
Botswana
91%
Kamerun
91%
Wybrzeże Kości Słoniowej
91%
Algieria
90%
Gwinea Równikowa
90%
Mali
89%
Uganda
89%
Etiopia
88%
Czad
87%
Ghana
87%
Burundi
86%
Komory
86%
Sudan
86%
Eswatini
85%
Mozambik
85%
Malawi
83%
Mauretania
83%
Senegal
83%
Zambia
83%
Libia
82%
Nigeria
82%
Tanzania
82%
Niger
78%
Demokratyczna Republika Konga
75%
Gabon
75%
Kongo
75%
Liberia
75%
Wyspy Świętego Tomasza i Książęca
73%
Republika Środkowoafrykańska
71%
Republika Zielonego Przylądka
71%
Rwanda
69%
Burkina Faso
67%
Erytrea
67%
Gwinea-Bissau
67%
Sierra Leone
67%
Togo
67%
Zimbabwe
67%
Namibia
63%
Gwinea
60%
Mauritius
58%
Dżibuti
56%
Benin
54%
Nie znaleziono quizów pasujących do podanych kryteriów
Rozkład punktacji
Procent ludzi z każdym wynikiem
Percentyl według liczby udzielonych odpowiedzi
Twoja historia wyników
Nie rozwiązałeś tego quizu od ostatniego zresetowania